Los Lusiadas / (Record no. 38651)

MARC details
000 -LEADER
campo de control de longitud fija 00551nam a2200181 i 4500
001 - NÚMERO DE CONTROL
campo de control 38651
003 - IDENTIFICADOR DE NÚMERO DE CONTROL
campo de control ES-MaACL
005 - FECHA Y HORA DE LA ÚLTIMA TRANSACCIÓN
campo de control 20250820063027.0
007 - CAMPO FIJO DE DESCRIPCIÓN FÍSICA--INFORMACIÓN GENERAL
campo de control de longitud fija t|
008 - DATOS DE LONGITUD FIJA--INFORMACIÓN GENERAL
campo de control de longitud fija 030226s1887 sp ||||1| spa d
100 1# - ENTRADA PRINCIPAL--NOMBRE DE PERSONA
Nombre de persona Camões, Luís de,
Fechas asociadas al nombre 1524?-1580
9 (RLIN) 181622
245 14 - MENCIÓN DEL TÍTULO
Título Los Lusiadas /
Mención de responsabilidad, etc. por Luis de Camoes ; traducción al castellano por Lamberto Gil.
260 ## - PUBLICACIÓN, DISTRIBUCIÓN, ETC.
Lugar de publicación, distribución, etc. Madrid :
Nombre del editor, distribuidor, etc. Sucesores de Rivadeneyra,
Fecha de publicación, distribución, etc. 1887.
300 ## - DESCRIPCIÓN FÍSICA
Extensión 456 p. ;
Dimensiones 18 cm.
700 1# - ENTRADA AGREGADA--NOMBRE PERSONAL
Nombre de persona Gil, Lamberto.
9 (RLIN) 56741
852 ## - LOCALIZACIÓN
Ubicación ES-MaACL
Número de control de estantería F-13036
Holdings
Estatus retirado Estado de pérdida Estado de daño No para préstamo Colección Biblioteca de origen Biblioteca actual Ubicación en estantería Fecha de adquisición Fuente de adquisición Total de préstamos Signatura topográfica completa Código de barras Visto por última vez Precio de reemplazo Tipo de ítem Koha
        Libros del s. XIX Biblioteca del Ateneo de Madrid Biblioteca del Ateneo de Madrid Sala Pecera Planta 2 17/01/2008     F-13036 1040702 23/02/2023 23/02/2023 Libro impreso antiguo